Anything but Brazil Quiz Stats

 Plays Quiz Updated Jul 2, 2018

Challenge
Share
Tweet
Embed
Score 0/39 Timer 06:00
3 Plays Today
Hint Answer % Correct
Have more than 150 million inhabitantsChina (1,358,100,000)
96.1%
Border at least 10 countriesChina
96.1%
Have more than 150 million inhabitantsUSA (313,900,000)
94.2%
Have Portuguese as an official languagePortugal
93.9%
Border at least 10 countriesRussia
93.3%
Have more than 150 million inhabitantsIndia (1,259,700,000)
92.7%
Border BoliviaArgentina
90.8%
Border BoliviaChile
89.4%
Border BoliviaPeru
87.1%
Contain the letter Z in their nameZimbabwe
86.9%
Contain the letter Z in their nameZambia
84.4%
Border BoliviaParaguay
84.4%
Hosted the FIFA World Cup since 2000Germany
82.7%
Hosted the FIFA World Cup since 2000South Korea/Japan
80.5%
Hosted the FIFA World Cup since 2000South Africa
72.7%
Have more than 150 million inhabitantsIndonesia (241,000,000)
71.5%
Have Portuguese as an official languageMozambique
68.9%
Contain the letter Z in their nameMozambique
68.6%
Contain the letter Z in their nameAzerbaijan
67.8%
Contain the letter Z in their nameVenezuela
65.4%
Hint Answer % Correct
Contain the letter Z in their nameUzbekistan
64%
Contain the letter Z in their nameKazakhstan
63.8%
Border at least 10 countriesFrance
63%
Have more than 150 million inhabitantsPakistan (180,400,000)
61.2%
Contain the letter Z in their nameKyrgyzstan
57.4%
Contain the letter Z in their nameTanzania
56.5%
Have more than 150 million inhabitantsNigeria (152,200,000)
54.6%
Contain the letter Z in their nameNew Zealand
53.9%
Contain the letter Z in their nameSwitzerland
53.3%
Contain the letter Z in their nameBelize
51.8%
Have Portuguese as an official languageAngola
49.6%
Have more than 150 million inhabitantsBangladesh (152,900,000)
49.1%
Contain the letter Z in their nameCzechia
47.6%
Have Portuguese as an official languageCabo Verde
38.6%
Contain the letter Z in their nameBosnia and Herzegovina
36.5%
Have Portuguese as an official languageSão Tomé and Príncipe
32.3%
Have Portuguese as an official languageGuinea-Bissau
27%
Have Portuguese as an official languageEquatorial Guinea
24.6%
Have Portuguese as an official languageTimor-Leste
19.4%

You're not logged in!

Compare scores with friends on all Sporcle quizzes.
Join for Free
OR
Log In

You Might Also Like...

Show Comments

Extras

Top Quizzes Today


Score Distribution

Your Account Isn't Verified!

In order to create a playlist on Sporcle, you need to verify the email address you used during registration. Go to your Sporcle Settings to finish the process.

Report this User

Report this user for behavior that violates our Community Guidelines.

Details: